[Event "It (open)"]
[Site "Velika Gorica (Croatia)"]
[Date "2008.08.24"]
[Round "3"]
[White "Zigovecki Vladimir (CRO)"]
[Black "Pandurevic Miro (CRO)"]
[Result "0-1"]
[WhiteElo "1968"]
[BlackElo "2250"]

1.d4 Nf6 2.c4 d6 3.Nc3 Bf5 4.f3 e5 5.dxe5 dxe5 6.Qxd8+ Kxd8 7.e4 Be6 8.Bg5 Be7
9.a3 Nbd7 10.Rd1 c6 11.Be3 Kc7 12.Na4 b5 13.Nc3 bxc4 14.Na4 Rhb8 15.Rc1 Rb3
16.Bd2 Nb6 17.Ba5 Kb7 18.Nxb6 axb6 19.Bc3 Nd7 20.Nh3 Bc5 21.f4 exf4 22.Nxf4
Be3 23.Nxe6 Bxc1 24.Bxc4 Rxc3 25.bxc3 fxe6 26.O-O Be3+ 27.Kh1 Rf8 28.Re1 Ne5
29.Bxe6 Nd3 30.Ra1 Nf2+ 31.Kg1 Nd1+ {#R} 0-1

[Event "It (open)"]
[Site "Graz (Austria)"]
[Date "2008.09.01"]
[Round "3"]
[White "Zoebisch Herbert (AUT)"]
[Black "Vilits Andreas (AUT)"]
[Result "1-0"]
[WhiteElo "2145"]
[BlackElo "2137"]

1.d4 Nf6 2.c4 d6 3.Nc3 Bf5 4.f3 e5 5.dxe5 dxe5 6.Qxd8+ Kxd8 7.e4 Be6 8.Be3 c6
9.O-O-O+ Nbd7 10.h4 Kc7 11.Nh3 h6 12.Nf2 Nh5 13.Rg1 Ng3 14.b3 Be7 15.f4 g6
16.Bd3 Bxh4 17.Nh1 Nxh1 18.Rxh1 Bg4 19.Rxh4 Bxd1 20.Kxd1 f6 21.g3 Rad8 22.Kc2
g5 23.Rh5 b6 24.b4 Kd6 25.Bf1 a6 26.a4 a5 27.b5 Nc5 28.Bh3 Rdg8 29.fxe5+ fxe5
30.Bf5 cxb5 31.Nxb5+ Kc6 32.Nc3 Rd8 33.Rh1 Rdg8 34.g4 Rd8 35.Rb1 Rb8 36.Rb5
Ra8 37.Nd5 Nxa4 38.Nxb6 Nxb6 39.Rxb6+ Kc7 40.c5 Rab8 41.Bd2 Rxb6 42.Bxa5 h5
43.gxh5 Rxh5 44.cxb6+ Kc6 45.Kd3 Rh8 46.Kc4 Rh1 47.Be6 Rc1+ 48.Kd3 Rb1 49.Ba2
Rb5 50.Bd5+ Kc5 51.b7 Kd6 52.Ke3 Rb1 53.Kf3 Rf1+ 54.Kg4 Rg1+ 55.Kf5 Rb1
56.Kxg5 {#r} 1-0

[Event "Ch Switzerland (team) 2008"]
[Site "Switzerland"]
[Date "2008.09.06"]
[Round "6"]
[White "Hochstrasser Michael (SUI)"]
[Black "Adler Joel (SUI)"]
[Result "0-1"]
[WhiteElo "2392"]
[BlackElo "2270"]

1.d4 Nf6 2.c4 d6 3.Nc3 Bf5 4.f3 e5 5.e4 exd4 6.Qxd4 Nc6 7.Qd2 Be6 8.b3 Be7
9.Nge2 O-O 10.Nf4 Nd7 11.Nfd5 f5 12.exf5 Bxd5 13.Nxd5 Bh4+ 14.g3 Bf6 15.Nxf6+
Qxf6 16.Bb2 Rae8+ 17.Be2 Qe7 18.Kf2 Rxf5 19.Rae1 Nce5 20.Kg2 g5 21.h4 Qf7
22.hxg5 Rxf3 23.g6 Rf2+ 24.Kg1 Nxg6 25.Qd4 Rexe2 {#R} 0-1

[Event "Memorial Ivan Treber (open)"]
[Site "Vinkovci (Croatia)"]
[Date "2008.09.06"]
[Round "2"]
[White "Mikanovic Sandro (BIH)"]
[Black "Pandurevic Miro (CRO)"]
[Result "1-0"]
[WhiteElo "2190"]
[BlackElo "2250"]

1.d4 Nf6 2.c4 d6 3.Nc3 Bf5 4.f3 e5 5.e4 exd4 6.Qxd4 Nc6 7.Qd2 Be6 8.b3 a5
9.Bb2 Be7 10.Bd3 Ne5 11.Nge2 a4 12.Nd5 Nxd5 13.cxd5 Bh4+ 14.Ng3 Bd7 15.O-O O-O
16.f4 Ng4 17.Ne2 Bf6 18.h3 Bxb2 19.Qxb2 Nf6 20.Qd4 c5 21.dxc6 Bxc6 22.b4 Re8
23.Nc3 b5 24.Rac1 Qd7 25.Kh2 Qb7 26.Rfe1 Re6 27.Re2 Rae8 28.Rce1 h5 29.g3 Nd7
30.a3 h4 31.gxh4 Rh6 32.Rg1 g6 33.Reg2 Re6 34.h5 Rxh5 35.f5 Ne5 36.Be2 Bxe4
37.fxe6 Bxg2 38.exf7+ Qxf7 39.Rxg2 Rf5 40.Qxd6 Qg7 41.Nd5 Nf7 42.Ne7+ Kh7
43.Nxf5 {#r} 1-0

[Event "Memorial E.Geller (open)"]
[Site "Odessa (Ukraine)"]
[Date "2008.09.15"]
[Round "7"]
[White "Daryev Sergey (UKR)"]
[Black "Pervakov Sergey (UKR)"]
[Result "1/2-1/2"]
[WhiteElo "2053"]
[BlackElo "2202"]

1.d4 Nf6 2.c4 d6 3.Nc3 Bf5 4.f3 e5 5.e4 exd4 6.Qxd4 Nc6 7.Qd2 Be6 8.b3 Be7
9.Bb2 Nh5 10.g3 O-O 11.Bg2 f5 12.Nge2 fxe4 13.Nxe4 d5 14.cxd5 Qxd5 15.Qxd5
Bxd5 16.N2c3 Nf6 17.O-O Bxe4 18.Nxe4 Nxe4 19.fxe4 Bc5+ 20.Kh1 Rxf1+ 21.Rxf1
Rd8 22.Bh3 Re8 23.Bg2 Rf8 24.Rxf8+ Kxf8 25.e5 Nd8 26.g4 c6 27.Be4 g6 28.h4 Ne6
29.h5 Kg7 30.hxg6 hxg6 31.Kg2 Bd4 32.Bxd4 Nxd4 33.Kf2 Nb5 34.Ke3 Nc3 35.a4
Nxe4 36.Kxe4 Kf7 37.Kf4 Ke6 38.Kg5 b5 39.axb5 cxb5 40.b4 Kxe5 41.Kxg6 a5
42.bxa5 b4 43.a6 b3 44.a7 b2 45.a8=Q b1=Q+ 46.Kg7 Kf4 47.Qc8 Kg5 {#d} 1/2-1/2

[Event "It (open)"]
[Site "Mislata (Spain)"]
[Date "2008.09.25"]
[Round "1"]
[White "Harutyunyan Tigran (ESP)"]
[Black "Ivanov Jordan (BUL)"]
[Result "0-1"]
[WhiteElo "1858"]
[BlackElo "2428"]

1.d4 Nf6 2.c4 d6 3.Nc3 Bf5 4.f3 e5 5.dxe5 dxe5 6.Qb3 Nc6 7.e4 Nd4 8.Qd1 Be6
9.Bd3 Bc5 10.Nge2 c6 11.Rb1 a5 12.a3 Nh5 13.Nxd4 Qxd4 14.Rf1 Bxc4 15.Bxc4 Qxc4
16.Qe2 Qd4 17.Qd2 a4 18.Ne2 Qxd2+ 19.Bxd2 Nf6 20.Bc3 Nd7 21.Nc1 Bd4 22.Nd3 c5
23.Ke2 Ke7 24.Rfd1 Rhc8 25.f4 f6 26.f5 Ra6 27.Kf3 Rb6 28.Rbc1 Rb3 29.Rc2 Bxc3
30.Rxc3 b5 31.Rdc1 c4 32.Ke3 Nb6 33.Rxb3 axb3 34.Nb4 Na4 35.Nd5+ Kd6 36.Rb1
Kc5 37.g4 h6 38.Ne7 Rd8 39.Nd5 Nb6 40.Nb4 c3 41.Na6+ Kc4 42.bxc3 Rd3+ 43.Ke2
Na4 44.Rxb3 Nxc3+ 45.Rxc3+ Rxc3 46.Nc7 {#R} 0-1

[Event "Ch Bulgaria (team) (2nd Division)"]
[Site "Borovets (Bulgaria)"]
[Date "2008.10.05"]
[Round "5"]
[White "Dimitrov Marin (BUL)"]
[Black "Dimitrov Dejan (BUL)"]
[Result "0-1"]
[WhiteElo "2106"]
[BlackElo "2046"]

1.d4 Nf6 2.c4 d6 3.Nc3 Bf5 4.f3 e5 5.dxe5 dxe5 6.Qxd8+ Kxd8 7.e4 Be6 8.Be3 c6
9.Bd3 Na6 10.Nge2 Nc5 11.Rd1 Nxd3+ 12.Rxd3+ Kc7 13.b3 Nd7 14.O-O Nc5 15.Rd2
Na6 16.Rfd1 Bb4 17.Rc2 Rhd8 18.Rxd8 Kxd8 19.Nc1 b6 20.Nd3 Bd6 21.Kf2 Ke7 22.c5
Bc7 23.cxb6 axb6 24.Na4 c5 25.Nc3 Rd8 26.Nb2 Nb4 27.Rc1 Ra8 28.Kg3 Nxa2 29.Ra1
Bxb3 30.Nd3 Ra5 31.Nd5+ Bxd5 32.exd5 e4+ 33.Bf4 Bxf4+ 34.Nxf4 exf3 35.gxf3 Nb4
36.Re1+ Kd7 37.d6 Kxd6 38.Re8 Ra7 39.Rb8 Kc6 40.Rh8 h6 41.Rh7 f6 42.Nh5 c4
43.Nxf6 c3 {#R} 0-1

[Event "NRW-liga 2008/09"]
[Site "Germany"]
[Date "2008.11.09"]
[Round "3"]
[White "Nautsch Werner (GER)"]
[Black "Caessens Rob (NED)"]
[Result "0-1"]
[WhiteElo "2277"]
[BlackElo "2207"]

1.d4 d6 2.c4 Nf6 3.Nc3 Bf5 4.f3 e5 5.dxe5 dxe5 6.Qxd8+ Kxd8 7.e4 Be6 8.Be3 c6
9.O-O-O+ Nbd7 10.g4 Ke8 11.Nh3 Bc5 12.Bxc5 Nxc5 13.b4 Na6 14.a3 Ke7 15.Nf2 Nc7
16.Nd3 Nd7 17.Nb2 a5 18.Nd5+ cxd5 19.cxd5 axb4 20.dxe6 Nxe6 21.axb4 Ra1+
22.Kd2 Ra2 23.Rb1 Nb6 24.Ke3 Rc8 25.Nd1 Rcc2 26.Rb3 Na4 27.Bb5 Nd4 28.Bxa4
Nxb3 29.Bxb3 Ra3 30.Kd3 Rc8 31.Ne3 Rxb3+ 32.Kd2 Ke8 33.Nd5 Rxf3 34.Ra1 Rh3
35.Ra7 Rxh2+ 36.Kd3 Rh3+ 37.Kd2 Rb8 38.b5 Rg3 39.Ne3 Rxe3 40.Kxe3 Kd7 41.g5
Kc7 42.Ra1 Kd6 43.Rd1+ Ke6 44.Rh1 Rc8 45.Rxh7 g6 46.Rh1 Rc3+ 47.Kd2 Rb3 48.Rf1
Rxb5 49.Rf6+ Ke7 50.Kc3 Rc5+ 51.Kd3 Rc6 52.Rf1 Rd6+ 53.Ke3 b5 54.Rc1 Rb6
55.Rc5 Ke6 56.Kd3 b4 57.Kc2 b3+ 58.Kb2 Rb4 59.Rc6+ Kd7 60.Rf6 Ke7 {#R} 0-1

[Event "Ch France (team) (nat.2) 2008/09"]
[Site "France"]
[Date "2008.12.14"]
[Round "4"]
[White "Decosse Jean-Fabien (FRA)"]
[Black "Chabradze Boris (GEO)"]
[Result "1/2-1/2"]
[WhiteElo "2235"]
[BlackElo "2188"]

1.d4 d6 2.c4 Nf6 3.Nc3 Bf5 4.f3 e5 5.e4 exd4 6.Qxd4 Be6 7.Be3 Nc6 8.Qd2 Be7
9.Bd3 Ne5 10.b3 O-O 11.Nge2 c6 12.Nd4 d5 13.cxd5 cxd5 14.O-O dxe4 15.Nxe6 fxe6
16.Bxe4 Bc5 17.Qe2 {#d} 1/2-1/2

[Event "It (open)"]
[Site "Bosnjaci (Croatia)"]
[Date "2009.01.04"]
[Round "2"]
[White "Kruljac Petra (CRO)"]
[Black "Pandurevic Miro (CRO)"]
[Result "1-0"]
[WhiteElo "2087"]
[BlackElo "2229"]

1.d4 Nf6 2.c4 d6 3.Nc3 Bf5 4.f3 e5 5.d5 e4 6.Qd4 Nbd7 7.g4 Bg6 8.g5 Nh5 9.Nxe4
Be7 10.Nh3 Ne5 11.Ng3 c5 12.Qc3 f6 13.Nxh5 Bxh5 14.Nf4 Bf7 15.Bh3 fxg5 16.Ne6
Bxe6 17.Bxe6 Bf6 18.Qb3 Qa5+ 19.Bd2 Qa6 20.Rc1 Rb8 21.a4 Ke7 22.Rg1 h6 23.Bc3
Qb6 24.Qc2 Rbf8 25.h4 Qd8 26.Qb3 b6 27.a5 Qc7 28.axb6 axb6 29.Ra1 Ra8 30.Rxa8
Rxa8 31.Kf2 Qb7 32.hxg5 hxg5 33.Qc2 Rh8 34.Kg2 Rh4 35.Rh1 Rxc4 36.Qh7 Qa8
37.Bxe5 Bxe5 38.Qg6 Qe8 39.Qxg5+ Bf6 40.Qf5 Bxb2 41.Rh8 {#r} 1-0

[Event "It (open)"]
[Site "Marianske Lazne (Czech Republic)"]
[Date "2009.01.19"]
[Round "3"]
[White "Zapletal Jiri (CZE)"]
[Black "Bielczyk Jacek (POL)"]
[Result "1/2-1/2"]
[WhiteElo "2166"]
[BlackElo "2312"]

1.c4 Nf6 2.Nc3 d6 3.d4 Bf5 4.f3 e5 5.dxe5 dxe5 6.Qxd8+ Kxd8 7.e4 Be6 8.Be3
Nfd7 9.a3 c6 10.g3 f6 11.Rc1 Bc5 12.Kf2 a5 13.Na4 Bxe3+ 14.Kxe3 c5 15.Bh3 Bxh3
16.Nxh3 Nc6 17.Nf2 Nd4 {#d} 1/2-1/2

[Event "It (open) (b)"]
[Site "Zagreb (Croatia)"]
[Date "2009.03.22"]
[Round "2"]
[White "Okrosa Marijan (CRO)"]
[Black "Pandurevic Miro (CRO)"]
[Result "1-0"]
[WhiteElo "2102"]
[BlackElo "2229"]

1.d4 Nf6 2.c4 d6 3.Nc3 Bf5 4.f3 e5 5.e4 exd4 6.Qxd4 Nc6 7.Qf2 Be6 8.Be3 Ne5
9.b3 c6 10.Qc2 Be7 11.Nge2 O-O 12.Nf4 Bc8 13.Be2 Ne8 14.O-O Bg5 15.Qd2 Qe7
16.Kh1 Bh6 17.Rfe1 f5 18.Nd3 Bxe3 19.Qxe3 Nxd3 20.Bxd3 f4 21.Qd2 Qe5 22.Ne2
Be6 23.Rad1 Rf6 24.Bb1 Rc8 25.Nc1 Qh5 26.Nd3 g5 27.Nf2 Rc7 28.h3 Rh6 29.Kg1
Qh4 30.e5 d5 31.cxd5 cxd5 32.Rc1 Rf7 33.Rf1 Rh5 34.Ng4 Kg7 35.Qf2 Qg3 36.Qxg3
fxg3 37.Rfd1 Rh4 38.Ne3 h5 39.Nf1 g4 40.fxg4 hxg4 41.Rd4 Rh5 42.hxg4 Rxe5
43.Nxg3 Nd6 44.Nh5+ Kh6 45.Nf4 Ne4 46.Nxe6 Rxe6 47.Rxd5 Ng3 48.g5+ Kg7 49.Bd3
Re3 50.Rd1 Rf4 51.Rd7+ Kf8 52.g6 Re7 53.Rxe7 Kxe7 54.Bc4 Kf6 55.Rd6+ Kg7
56.Rd7+ Kxg6 57.Rxb7 a5 58.Ra7 a4 59.Rxa4 Kg5 60.Ra8 Ne4 61.Rg8+ Kh6 62.a4
{#r} 1-0

[Event "Ch Bulgaria (team) (2 div)"]
[Site "Sunny Beach (Bulgaria)"]
[Date "2009.06.14"]
[Round "7"]
[White "Brankov Krasimir Dimitrov (BUL)"]
[Black "Dimitrov Dejan (BUL)"]
[Result "1-0"]
[WhiteElo "2317"]
[BlackElo "2053"]

1.d4 Nf6 2.c4 d6 3.Nc3 Bf5 4.f3 e5 5.e4 exd4 6.Qxd4 Nc6 7.Qd2 Be6 8.b3 g6
9.Bb2 Bg7 10.Bd3 O-O 11.Nge2 Ne5 12.Bc2 Nh5 13.O-O Bxc4 14.bxc4 Nxc4 15.Qc1
Nxb2 16.Qxb2 Qg5 17.Qb3 b5 18.Rad1 c6 19.g3 a5 20.Kg2 Qc5 21.a4 b4 22.Nb1 Nf6
23.Nd2 d5 24.Kh1 Bh6 25.exd5 Nxd5 26.Ne4 Qe3 27.Qc4 Qb6 28.Qd4 Qxd4 29.Rxd4
Ne3 30.Rc1 Nf5 31.Rc4 Bxc1 32.Nxc1 Ne3 33.Rc5 Rfe8 34.Bb3 Kg7 35.Rxc6 Rac8
36.Rxc8 Rxc8 37.Nd3 Nf5 38.Nec5 Nd4 39.Bd1 Rb8 40.Kg2 b3 41.Nb2 Rc8 42.Ncd3
Nc2 43.Kf2 Kf6 44.Ke2 Ke6 45.Kd2 Kd5 46.Nc1 Nd4 47.Nxb3 Rb8 48.Kc3 Rc8+ 49.Kd3
Nc6 50.f4 Rd8 51.Bf3+ Kd6 52.Bxc6 Kxc6+ 53.Kc3 Re8 54.Nxa5+ Kb6 55.Nac4+ Ka6
56.Kd2 Re4 57.Ne3 Ka5 58.Kd3 Re8 59.Nec4+ Kb4 60.a5 f5 61.Kd4 Rd8+ 62.Ke5 Kb5
63.Nd6+ Ka6 64.Nbc4 Rb8 65.Kf6 Rb1 66.Kg7 Rh1 67.Kxh7 Rxh2+ 68.Kxg6 Rg2
69.Nxf5 Kb5 70.Kg5 Rg1 71.Nfd6+ {#r} 1-0

[Event "It (open)"]
[Site "Paracin (Serbia)"]
[Date "2009.08.19"]
[Round "1"]
[White "Arandjelovic Aleksandar (SRB)"]
[Black "Ivanov Jordan (BUL)"]
[Result "0-1"]
[WhiteElo "2113"]
[BlackElo "2431"]

1.d4 Nf6 2.c4 d6 3.Nc3 Bf5 4.f3 e5 5.e4 exd4 6.Nb5 Bd7 7.Nxd4 g6 8.Bg5 Bg7
9.Nge2 O-O 10.Qd2 Nc6 11.Nc2 Re8 12.Nc3 a6 13.h4 Ne5 14.h5 Be6 15.hxg6 fxg6
16.Ne3 Nf7 17.Bh4 c6 18.Be2 b5 19.Rd1 Qa5 20.a3 Rad8 21.b4 Qc7 22.Rc1 Qa7
23.Bf2 Qe7 24.cxb5 axb5 25.Kf1 Nh5 26.g4 Nf4 27.Nf5 gxf5 28.Qxf4 fxg4 29.Bh4
Qa7 30.Bf6 Qxa3 31.Kg2 Qxb4 32.Bd3 gxf3+ 33.Kg3 Rd7 34.Rxh7 Ne5 35.Rch1 Bxf6
36.Rxd7 Nxd7 {#R} 0-1

[Event "It (open) (b)"]
[Site "Vladimir (Russia)"]
[Date "2009.08.22"]
[Round "4"]
[White "Smirnova Anastasia (RUS)"]
[Black "Sharbatian Ruben (RUS)"]
[Result "1-0"]
[WhiteElo "1955"]
[BlackElo "2140"]

1.d4 Nf6 2.c4 d6 3.Nc3 Bf5 4.f3 e5 5.e4 exd4 6.Nd5 Be6 7.Bg5 Bxd5 8.cxd5 c5
9.dxc6 Nxc6 10.Qb3 Qa5+ 11.Bd2 Qc7 12.Bc4 a6 13.Rc1 Rc8 14.Nh3 h6 15.Nf4 Qd7
16.O-O g5 17.Nd5 Nxd5 18.exd5 Ne5 19.Rfe1 Bg7 20.f4 gxf4 21.Bxf4 O-O 22.Be2
Rxc1 23.Rxc1 Re8 24.Qg3 Kh8 25.Rf1 Ng6 26.Bh5 Kh7 27.Qd3 Qe7 28.Qf5 Rf8 29.Bg3
b5 30.b3 a5 31.Re1 Qc7 32.Bh4 Qc3 33.Rf1 d3 34.Be7 Rc8 35.Qxf7 Ne5 36.Qf5+ Kg8
37.Bf6 Rf8 38.Qe6+ Kh7 39.Bg6+ Kh8 40.Bxg7+ Kxg7 41.Qe7+ Kxg6 42.Qxf8 Qc5+
43.Kh1 Qxd5 44.Rf6+ {#r} 1-0

[Event "Bundesliga 2009/10"]
[Site "Austria"]
[Date "2009.11.08"]
[Round "3"]
[White "Boensch Uwe (GER)"]
[Black "Olle Peter (HUN)"]
[Result "1-0"]
[WhiteElo "2511"]
[BlackElo "2248"]

1.d4 Nf6 2.c4 d6 3.Nc3 Bf5 4.f3 e5 5.d5 Nfd7 6.e4 Bg6 7.Bd3 Be7 8.Nh3 O-O
9.O-O f5 10.exf5 Bxf5 11.Bxf5 Rxf5 12.Ne4 Nc5 13.Nxc5 dxc5 14.Nf2 Bd6 15.Ne4
h6 16.Be3 Nd7 17.Qd3 Rf7 18.Rae1 Qf8 19.Bd2 Re8 20.Re2 Nf6 21.Ng3 Nd7 22.Rfe1
Ree7 23.Bc3 Rf4 24.Ne4 Rf5 25.a3 Ref7 26.b3 Qd8 27.Re3 Rf8 28.Nf2 Qh4 29.g3
Qg5 30.Kg2 R5f7 31.Qe2 Qh5 32.Nd3 Kh8 33.Rf1 Re7 34.f4 Qxe2+ 35.Rxe2 exf4
36.Rxe7 f3+ 37.Rxf3 Bxe7 38.Nf4 Kh7 39.Ne6 Rxf3 40.Kxf3 Bd6 41.Bxg7 Kg6 42.Bc3
a6 43.a4 h5 44.h3 b5 45.cxb5 axb5 46.axb5 Nb6 47.Ke4 c4 48.bxc4 Nxc4 49.Be1
Na3 50.Nd4 Bc5 51.Ba5 Bd6 52.Kd3 Kf6 53.g4 hxg4 54.hxg4 Kg6 55.Bd2 {#r} 1-0

[Event "Ch Bulgaria (team) (qual)"]
[Site "Sofia (Bulgaria)"]
[Date "2010.02.19"]
[Round "1"]
[White "Ivanov Aleksandar (BUL)"]
[Black "Stojanov Svetlin (BUL)"]
[Result "0-1"]
[WhiteElo "1862"]
[BlackElo "2298"]

1.d4 d6 2.c4 Nf6 3.Nc3 Bf5 4.f3 e5 5.dxe5 dxe5 6.Qxd8+ Kxd8 7.e4 Be6 8.a3 c6
9.Be3 Nbd7 10.Na4 Kc7 11.g3 Nb6 12.Nxb6 axb6 13.Nh3 Bxh3 14.Bxh3 Bc5 15.Bxc5
bxc5 16.O-O-O Ra4 17.Bf1 Rd8 18.Rxd8 Kxd8 19.Kc2 Ke7 20.Kc3 Ra8 21.Bd3 Ne8
22.h4 Nd6 23.f4 f6 24.Re1 Ra4 25.Kb3 b5 26.Rc1 Kd7 27.fxe5 fxe5 28.Rc3 Kc7
29.cxb5 Rd4 30.a4 Rxd3 31.Rxd3 c4+ 32.Kc3 cxd3 33.Kxd3 cxb5 34.axb5 Nxb5 {#R}
0-1

[Event "Ch City (final)"]
[Site "Omsk (Russia)"]
[Date "2010.02.27"]
[Round "5"]
[White "Usatchev Sergei (RUS)"]
[Black "Feofanov Alexander (RUS)"]
[Result "1/2-1/2"]
[WhiteElo "1880"]
[BlackElo "1750"]

1.d4 Nf6 2.c4 d6 3.Nc3 Bf5 4.f3 Nbd7 5.e4 Bg6 6.Bd3 e5 7.d5 Be7 8.Be3 O-O
9.Nge2 Nh5 10.Qd2 Nc5 11.Bc2 h6 12.O-O Rb8 13.b4 Nd7 14.a4 c5 15.b5 a5 16.Nd1
{#d} 1/2-1/2

[Event "Ch Poland (juniors) (under 16)"]
[Site "Karpacz (Poland)"]
[Date "2010.03.09"]
[Round "5"]
[White "Musialkiewicz Pawel (POL)"]
[Black "Sadzikowski Daniel (POL)"]
[Result "1/2-1/2"]
[WhiteElo "1920"]
[BlackElo "2351"]

1.d4 Nf6 2.c4 d6 3.Nc3 Bf5 4.f3 e5 5.e4 exd4 6.Qxd4 Nc6 7.Qd1 Be6 8.Be3 g6
9.Bd3 Bg7 10.Nge2 O-O 11.O-O Ne5 12.b3 a5 13.Rc1 Bd7 14.Qd2 Bc6 15.Rfd1 Nfd7
16.Nd5 Re8 17.Nd4 Nc5 18.Be2 Bd7 19.Nb5 Bxb5 20.cxb5 b6 21.Bg5 f6 22.Bh6 Bxh6
23.Qxh6 Nf7 24.Qd2 Kg7 25.Qc3 Ra7 26.a3 Nh6 27.b4 axb4 28.axb4 Ne6 29.f4 Ng8
30.f5 Nf8 31.Bf3 Re5 32.fxg6 hxg6 33.Nxc7 Ne7 34.Rxd6 Qb8 35.Rd2 Qc8 36.Rd6
Rb7 37.h3 Qb8 38.Rd2 Ra7 39.Rd6 Rb7 40.Bg4 Ra7 41.Rd4 Rb7 42.Rc4 Qd8 43.Rf1
Ra7 44.Qf3 Ng8 45.Nd5 Ne6 46.Qf2 Rf7 47.Qb2 Qb8 48.Rc6 Ng5 49.Rxb6 Qe8 50.Qf2
Nxe4 51.Qa2 Qd8 52.Be6 Rxd5 53.Rc6 Rd1 54.Qe2 Qd4+ 55.Kh2 Qe5+ 56.Kg1 Rxf1+
57.Qxf1 Qd4+ 58.Kh2 Rb7 59.Qf4 Qe5 60.Qxe5 fxe5 61.Bd5 Nef6 62.Rxf6 Rxb5
63.Rd6 Ne7 {#d} 1/2-1/2

[Event "Cup World (team) (for the Blind)"]
[Site "Calimanesti (Romania)"]
[Date "2010.04.24"]
[Round "3"]
[White "Irimia Mihai (ROM)"]
[Black "Suder Ryszard (POL)"]
[Result "0-1"]
[WhiteElo "1988"]
[BlackElo "2179"]

1.c4 Nf6 2.d4 d6 3.Nc3 Bf5 4.f3 e5 5.e4 exd4 6.Qxd4 Nc6 7.Qf2 Be6 8.b3 Be7
9.Bb2 O-O 10.Nge2 Nh5 11.Nd5 f5 12.Nd4 Bxd5 13.exd5 Nxd4 14.Bxd4 Bh4 15.g3
Re8+ 16.Kd1 Bf6 17.Bd3 f4 18.Kc2 g6 19.g4 Bxd4 20.Qxd4 Qf6 21.Qxf6 Nxf6
22.Rae1 Kf7 23.Kc3 Nd7 24.Kd4 Rxe1 25.Rxe1 Ne5 26.Be4 Re8 27.b4 Nxf3+ {#R} 0-1

[Event "It (open)"]
[Site "Marrakesh (Morocco)"]
[Date "2010.06.29"]
[Round "6"]
[White "Chorfi Khaled (MAR)"]
[Black "Shirazi Kamran (FRA)"]
[Result "0-1"]
[WhiteElo "2174"]
[BlackElo "2394"]

1.c4 Nf6 2.Nc3 d6 3.d4 Bf5 4.f3 e5 5.dxe5 dxe5 6.Qxd8+ Kxd8 7.e4 Be6 8.Be3 c6
9.O-O-O+ Kc7 10.g3 Na6 11.Nh3 Bc5 12.Bxc5 Nxc5 13.b4 Na6 14.a3 h6 15.Nf2 Nb8
16.f4 exf4 17.gxf4 g6 18.Be2 a5 19.b5 Nbd7 20.e5 Nh5 21.Bxh5 gxh5 22.Rd4 Nc5
23.Kb2 Rad8 24.Rhd1 Rxd4 25.Rxd4 Rg8 26.Nce4 Nxe4 27.Nxe4 Rg2+ 28.Rd2 Rg4
29.Rf2 Bxc4 30.bxc6 bxc6 31.Nf6 Rh4 32.Kc3 Be6 33.f5 Rh3+ 34.Kd4 Bb3 35.Ng8
Kd7 36.Nxh6 Rh4+ 37.Kc5 Kc7 {#R} 0-1

[Event "It (open)"]
[Site "Zupanja (Croatia)"]
[Date "2010.08.20"]
[Round "1"]
[White "Solaja Veljko (BIH)"]
[Black "Pandurevic Miro (CRO)"]
[Result "0-1"]
[WhiteElo "1908"]
[BlackElo "2254"]

1.c4 Nf6 2.d4 d6 3.Nc3 Bf5 4.f3 e5 5.dxe5 dxe5 6.Qxd8+ Kxd8 7.e4 Be6 8.Be3 c6
9.a3 Nbd7 10.Rd1 Kc7 11.g4 Bc5 12.Bxc5 Nxc5 13.b4 Nb3 14.Nh3 h6 15.Kf2 Rhd8
16.Bd3 a5 17.b5 Rd4 18.Ne2 Rd6 19.Ke3 Rad8 20.Nf2 Nc5 21.bxc6 bxc6 22.Nc1 Nfd7
23.Be2 Nb6 24.Nfd3 Nxc4+ 25.Kf2 Na4 26.Nb3 Nc3 27.Nbc5 Nxd1+ 28.Rxd1 Bc8 29.a4
f6 30.Rc1 Rd4 31.Rc3 Nb6 32.Ra3 Rc4 33.h4 Rdd4 34.h5 Rc2 35.Ke1 Rdc4 36.Kd1
Rxc5 {#R} 0-1

[Event "It (open)"]
[Site "Crema (Italy)"]
[Date "2010.09.05"]
[Round "3"]
[White "Astengo Marcello (ITA)"]
[Black "Everet Alexandro (ITA)"]
[Result "1/2-1/2"]
[WhiteElo "2064"]
[BlackElo "2246"]

1.d4 Nf6 2.c4 d6 3.Nc3 Bf5 4.f3 h6 5.e4 Bh7 6.Bd3 Nbd7 7.Nge2 e5 8.d5 g5 9.Be3
Bg7 10.Qd2 Bg6 11.O-O-O a6 12.Kb1 Nc5 13.Bc2 Rb8 14.Nc1 O-O 15.h4 gxh4 16.Qf2
b5 17.Rxh4 bxc4 18.Rdh1 Nfd7 19.Bxh6 Bxh6 20.Rxh6 Qg5 21.g3 Nf6 22.f4 Qg4
23.Qe3 Nh5 24.R1xh5 Bxh5 25.Bd1 exf4 26.gxf4 Rxb2+ 27.Ka1 Qg7 28.Rxh5 Rg2
29.Ne2 Re8 30.Nd4 Rg3 31.Qxg3 Qxg3 32.Rg5+ Qxg5 33.fxg5 Nxe4 34.Kb2 Nxg5
35.Be2 Re5 36.Bxc4 f5 37.Bxa6 f4 38.a4 f3 39.a5 f2 40.Nc6 Re1 41.Bc4 Nf3 42.a6
Nd2 43.Bb5 Re8 44.a7 Ra8 45.Ka3 Kg7 46.Kb4 Kf6 47.Bd3 Kg5 48.Nb5 Kf4 49.Nxc7
Ke3 50.Ba6 Rxa7 51.Nxa7 f1=Q 52.Bxf1 Nxf1 53.Nab5 Kd3 54.Nxd6 Ne3 55.Nf7 Nxd5+
56.Nxd5 {#d} 1/2-1/2

[Event "It (open) (b)"]
[Site "Zadar (Croatia)"]
[Date "2010.12.13"]
[Round "3"]
[White "Jeraj Zlatko (SLO)"]
[Black "Pandurevic Miro (CRO)"]
[Result "0-1"]
[WhiteElo "2099"]
[BlackElo "2254"]

1.d4 Nf6 2.c4 d6 3.Nc3 Bf5 4.f3 e5 5.e4 exd4 6.Qxd4 Nc6 7.Qf2 Be6 8.Bd3 Ne5
9.Qe2 Nfd7 10.b3 Nxd3+ 11.Qxd3 g6 12.Qd4 Rg8 13.Nge2 Bg7 14.Qf2 Ne5 15.O-O Nd3
16.Qe3 Nxc1 17.Raxc1 g5 18.Rfd1 b6 19.Nd5 Be5 20.Rc2 Kf8 21.Nd4 Bd7 22.Kh1 c6
23.Nc3 Qf6 24.g3 Re8 25.Rf2 Qh6 26.Nde2 Rg6 27.Qd2 Rf6 28.f4 gxf4 29.gxf4 Bg4
30.Rdf1 Rg6 31.Ng3 Bg7 32.Qd3 Bh3 33.Rd1 Qh4 34.Nce2 h5 35.Ng1 Bg4 36.Rdf1 Qe7
37.f5 Rh6 38.Re1 h4 39.Nf1 h3 40.Rf4 Qh4 41.Qg3 Be5 42.Qxh4 Rxh4 43.Rf2 Bc3
44.Rc1 Bd4 45.Rf4 Be5 46.Rf2 Bh5 47.Re1 Bc3 48.Rc1 Bd4 49.Rd2 c5 50.Rd3 Rhxe4
51.Rxh3 Bg4 52.Rg3 Bxf5 53.Nf3 Be5 54.Nxe5 dxe5 55.Ne3 Be6 56.Rf1 Rd8 57.Rf2
Rd3 58.Nf1 Rd1 59.Kg2 Rde1 60.Rd3 R4e2 61.Ng3 Bh3+ 62.Kf3 e4+ {#R} 0-1

[Event "It \"]
[Site "Cammeray (Australia)"]
[Date "2011.01.02"]
[Round "1"]
[White "Low Frank (AUS)"]
[Black "Laurie Robert"]
[Result "0-1"]
[WhiteElo "1815"]
[BlackElo "1319"]

1.d4 Nf6 2.c4 d6 3.Nc3 Bf5 4.f3 Nbd7 5.e4 Bg6 6.Nge2 e5 7.Be3 Be7 8.Qd2 O-O
9.O-O-O a6 10.g4 h6 11.Ng3 c5 12.d5 Qb8 13.Nf5 Bd8 14.Bxh6 Bxf5 15.gxf5 Nh5
16.Qg2 Kh7 17.Be3 Rh8 18.Rg1 Bf6 19.Qd2 Qd8 20.Bd3 Kg8 21.Rg4 Rh7 22.Rdg1 Kh8
23.Ne2 Qe7 24.h4 Rg8 25.Bg5 b5 26.b3 Qd8 27.Qe3 a5 28.Nc3 Nf4 29.Nxb5 Qe7
30.Bxf6 Nxf6 31.Rxf4 exf4 32.Qxf4 Ne8 33.Qg5 f6 34.Qg3 Qe5 35.Qxe5 fxe5 36.Rg6
{#R} 0-1

[Event "Ch Lower Rhine"]
[Site "Solingen (Germany)"]
[Date "2011.04.20"]
[Round "5"]
[White "Vasiljevs Jurijs (LAT)"]
[Black "Koehler Markus (GER)"]
[Result "1/2-1/2"]
[WhiteElo "2203"]
[BlackElo "2130"]

1.d4 Nf6 2.c4 d6 3.Nc3 Bf5 4.f3 e5 5.dxe5 dxe5 6.Qxd8+ Kxd8 7.e4 Be6 8.Be3 c6
9.a3 Nfd7 10.Rd1 Kc7 11.f4 f6 12.Nf3 Bg4 13.Be2 Bxf3 14.Bxf3 Bd6 15.g3 a5
16.O-O Na6 17.Na4 Rad8 18.Rf2 b6 19.Rfd2 Bc5 20.Nxc5 Ndxc5 21.fxe5 fxe5 22.Bg5
Rxd2 23.Rxd2 Nb3 24.Rf2 Rf8 25.Bg4 Rxf2 26.Kxf2 Nac5 27.Ke3 Nd4 28.Be7 Na4
29.b4 Nb2 30.c5 bxc5 31.bxc5 Kb7 32.Bf8 Nc4+ 33.Kd3 Nb2+ 34.Ke3 g6 35.Bg7 Nc4+
36.Kf2 Nc2 37.a4 Nb2 38.Be2 Nb4 39.Ke3 Nxa4 40.Bxe5 Nxc5 41.Bd6 Nc2+ 42.Kf4
g5+ 43.Ke5 Kb6 44.Be7 a4 45.Bd8+ Kb7 46.Bxg5 a3 47.Bc4 Nb4 48.Be7 Ncd3+ 49.Kd4
c5+ 50.Bxc5 Nxc5 51.Kxc5 a2 52.Bxa2 Nxa2 53.Kd6 Kc8 54.Ke7 Nc3 55.e5 Nd5+
56.Kf7 Kd7 57.e6+ Kd6 58.g4 Ne7 59.h4 Ng6 60.Kf6 Nf4 61.e7 Nd5+ 62.Kg7 Kxe7
63.g5 Nf4 64.Kxh7 Kf7 65.Kh6 Nh3 66.Kh7 Nf4 67.Kh6 {#d} 1/2-1/2